Language Quiz

Random Language or Latin Quiz

Marvel Characters Around the World Quiz Stats

 Plays Quiz not verified by Sporcle

Score 0/15 Timer 02:00
2 Plays Today
% Correct
Spanish
83.3%
Arabic
81.1%
Russian
75.4%
French
71.4%
Chinese
69.1%
Korean
68.2%
German
66.4%
Greek
66.4%
% Correct
Japanese
63.4%
Latin
62.2%
Hindi
56.4%
Italian
51.2%
Swahili
49%
Portuguese
45.7%
Malay
25.8%

You're not logged in!

Compare scores with friends on all Sporcle quizzes.
OR
Log In

Show Comments

Extras

Top Quizzes Today


Score Distribution

Your Account Isn't Verified!

In order to create a playlist on Sporcle, you need to verify the email address you used during registration. Go to your Sporcle Settings to finish the process.

Report this User

Report this user for behavior that violates our Community Guidelines.

Details: